| 000 | 00918nas a2200301 4500 | ||
|---|---|---|---|
| 001 | BR2011002885 | ||
| 003 | BR-BrBNA | ||
| 005 | 20231205114951.0 | ||
| 007 | ta | ||
| 008 | 230509b bl.|||p| |||| 00| 00por d | ||
| 040 |
_aBR-BrBNA _bpor _cBiblioteca Nacional de Agricultura |
||
| 041 | _a(Pt) | ||
| 072 | _aF30 | ||
| 100 | 1 | _aNascimento, M. | |
| 100 | 1 | _aSilva, F.F. e | |
| 100 | 1 | _aSáfadi, T. | |
| 100 | 1 | _aNascimento, A.C.C. | |
| 100 | 1 | _aFerreira, R. de P. | |
| 100 | 1 | _aCruz, C.D. | |
| 245 | 1 | _aAbordagem bayesiana para avaliação da adaptabilidade e estabilidade de genótipos de alfafa | |
| 650 | _aALFAFA | ||
| 650 | _aMODELO MATEMÁTICO | ||
| 650 | _aINTERAÇÃO GENÉTICA | ||
| 650 | _aGENÓTIPO | ||
| 773 | 0 |
_tPesquisa Agropecuária Brasileira (Brazil) _xISSN 0100-204X _g(Jan 2011), v. 46(1) p. 26-32 _wBR2011002885 |
|
| 909 |
_a202311 _bLúcia _c55 _dLúcia Elande |
||
| 942 |
_2AGRIS _n0 _cANA |
||
| 999 |
_c211461 _d211461 |
||